18 Most Famous Cities in Mozambique on a Map - Statistics

General Stats
  • This quiz has been taken 71 times
  • The average score is 7 of 18
Answers on the Map
Answers color-coded by a green-red scale on the quiz's map according to % correct below.
 
Answer Stats
Wiki Monthly Views Cityquiz Mention Rate Population Answers % Correct
43.43K 31.57% 1080.28K Maputo
100%
10.50K 5.29% 592.09K Beira
79%
5.95K 3.39% 663.21K Nampula
63%
2.77K 1.97% 307.34K Tete
49%
3.71K 3.30% 1032.20K Matola
47%
2.86K 1.81% 246.91K Quelimane
37%
2.78K 1.54% 132.88K Xai-Xai
37%
3.45K 2.00% 200.53K Pemba
35%
0.83K 0.34% 108.82K Maxixe
30%
2.50K 0.65% 82.12K Inhambane
28%
2.05K 1.27% 206.45K Nacala
28%
2.03K 1.17% 363.34K Chimoio
23%
1.27K 0.67% 242.20K Lichinga
21%
8.32K 0.72% 48.06K Mozambique
21%
1.42K 0.06% 37.18K Vilankulo
21%
1.31K 0.09% 39.01K Mocímboa da Praia
19%
1.57K - 75.00K Palma
16%
1.06K - 2.74K Ponta do Ouro
12%
No matching quizzes found
Score Distribution
Percent of People with Each Score
Percentile by Number Answered
Your Score History
You have not taken this quiz